00890nam a2200169Ia 4500001001000000003000500010008004100015010001100056040000900067100004800076245022600124260003500350300001000385502008600395650015300481710008600634Para_2861CHAP220125s1988 xx 000 0 und d a201376 cCHAP aNaranjo Montes de Oca, Fernando de Valentin aSelección, eficiencia y cría de Allorhogas pyralophagus Marsh (Hymenóptera :b Braconidae) sobre especies Dediatrae y Eureuma (Lepidoptera :b Pyralidae) de la caña /c por Fernando Valentin Naranjo Montes de Oca aChapingo, Méx. :b El autor a82 h. aTesis (M.C. Esp. en Entomología) -- C.P. Centro de Entomología y Acarología aInsectos parásitos y predatores Control biológico de plagas Diatrae saccharalis Caña de azúcar x Plagas Insectos x Cría de Eureuma aColegio de Postgraduados. Chapingo, Méx. Centro de Entomología y Acarología